Vplyv štýlu vedenia v pracovnej skupine na výkonnosť a spokojnosť zamestnancov diplomová práca

Enregistré dans:
Détails bibliographiques
Auteur principal: Zaťková, Jana
Collectivité auteur: Fakulta podnikového manažmentu EU. Katedra manažmentu
Autres auteurs: Gažová Adamková, Hana, 1969-
Format: Livre
Langue:slovaque
Publié: Bratislava 2010
Tags: Ajouter un tag
Pas de tags, Soyez le premier à ajouter un tag!

MARC

LEADER 00000nam a2200000 4500
001 0119953
005 20240318123749.3
041 0 |a slo 
044 |a SK 
245 1 0 |a Vplyv štýlu vedenia v pracovnej skupine na výkonnosť a spokojnosť zamestnancov  |b diplomová práca  |c Jana Zaťková ; škol. Hana Gažová Adamková 
264 1 |a Bratislava  |c 2010 
100 1 |a Zaťková, Jana 
700 1 |a Gažová Adamková, Hana, 1969- 
710 2 |a Fakulta podnikového manažmentu EU. Katedra manažmentu